1116 1969 1579 1835 1469 1307 1621 1904 1767 1310 1788 1832 1441 1554 1969 1158 1765 1819 1433 1442 1097 1014 1899 1253 1285 1063 1112 1491 1981 1653 1947 1032 1938 1056 1505 1272 1247 1320 1205 1811 1136 1563 1769 1802 1100 1698 1265 1759 1582 1574 1312 1690 1133 1705 1583 1830 1389 1968 1447 1908 1224 1594 1335 1693 1167 1003 1113 1039 1703 1586 1259 1005 1808 1807 1743 1803 1319 1456 1750 1571 1416 1396 1268 1777 1180 1256 1778 1089 1234 1841 1610 1944 1039 1583 1549 1706 1728 1496 1538 BCNSPRNW ULIB Ver.6.0+V

เปลี่ยนเป็นภาษาไทย

Change to English
 แสดงรายละเอียดบรรณานุกรม
  กลับหน้าหลัก

Brief Record : Get Marc (ISO 2709) : E-mail record : QR code < ปิดหน้าต่าง
LEADER : 00000nam 2200000uu 4500
001    13399122600
003     ULIB
008    940113s2536 th a m 000 0 tha d
020    ^a9745875953
099    ^aวพ.WY156^bส780ร
100 0  ^aสุภาณี กาญจนจารี
245 10 ^aรูปแบบการช่วยเหลือผู้ป่วยมะเร็งของระบบโลหิตในการเผชิญกับโรค =^bModel of helping the patients with hematologic malignancy to cope with the disease /^cโดย สุภาณี กาญจนจารี
246 31 ^aModel of helping the patients with hematologic malignancy to cope with the disease
260    ^a^c2536
300    ^aก-ซ, 121 แผ่น :^bภาพประกอบ ;^c30 ซม.
500    ^aSend to Single Search
502    ^aวิทยานิพนธ์ (วท.ม. (พยาบาลศาสตร์))--มหาวิทยาลัยมหิดล, 2536
610 24 ^aมหาวิทยาลัยมหิดล^xวิทยานิพนธ์
610 24 ^aมหาวิทยาลัยมหิดล. ^bคณะแพทยศาสตร์โรงพยาบาลรามาธิบดี^xวิทยานิพนธ์
650  4 ^aมะเร็งของระบบโลหิต
650  4 ^aการดูแลภายหลังการรักษา
650  4 ^aมะเร็ง^xการรักษา
650  4 ^aเลือด, โรค^xการรักษา
691    ^aวท.ม. (2536)
692    ^aพยาบาลศาสตร์ (มหาวิทยาลัยมหิดล 2536)
700 0  ^aสมจิต หนุเจริญกุล,^eที่ปรึกษา
700 0  ^aเบญจา ยอดดำเนิน-แอ็ตติกจ์,^eที่ปรึกษา
700 0  ^aพวงทอง ไกรพิบูลย์,^eที่ปรึกษา
710 2  ^aมหาวิทยาลัยมหิดล
710 2  ^aมหาวิทยาลัยมหิดล. ^bคณะแพทยศาสตร์โรงพยาบาลรามาธิบดี
945    ^p0^l0^i008467
999    ^aเกษร โพธิ์สุวรรณ
รายการนี้ยังไม่มีแท็ก
คุณยังไม่ได้ล็อกอิน คุณสามารถมีกิจกรรมร่วมกับเว็บไซต์ได้ แต่ต้องล็อกอินก่อน ::
  ล็อกอิน

รายการสื่อสารสนเทศ

ลำดับที่ ประเภท เลขเรียก/บาร์โค้ด สถานที่ สถานะ
1. วิทยานิพนธ์
วิทยานิพนธ์
วพ.WY156 ส780ร ฉ.1 
  Barcode: 008467
ห้องสมุดวิทยาเขตสวรรค์ประชารักษ์
► วิทยานิพนธ์
บนชั้น

รายการใกล้เคียง
    หัวเรื่อง [การดูแลภายหลังการรักษา]
    หัวเรื่อง [มะเร็ง การรักษา]

BibComment


ยังไม่เคยถูกคอมเมนท์

คอมเมนท์ทรัพยากรรายการนี้
  คอมเมนท์: รูปแบบการช่วยเหล..


 Copyright 2026. Bcnsprnw @Library